000 00319cam a2200133ua 4500
041 _aeng
_h
082 _a822
_bWEB/WH
100 _aWebster, John .
245 _aWhite Devi /
_cWEbster.
_hTextual Documents
260 _aLondon :
_bChatto & Windows ,
_c1958.
300 _a224 ; .
504 _a
999 _c11453
_d11453